Female Animals - Statistics

General Stats
  • This quiz has been taken 42 times
  • The average score is 6 of 8
Answer Stats
Hint Female % Correct
Deer Doe
97%
Lion Lioness
97%
Cattle Cow
95%
Human Woman
89%
Dog Bitch
87%
Horse Mare
87%
Donkey Jenny
58%
Goat She-Goat
3%
No matching quizzes found
Score Distribution
Percent of People with Each Score
Percentile by Number Answered
Your Score History
You have not taken this quiz